000
00317nam a2200133Ia 4500
005
20260328104318.0
008
260328s9999||||xx |||||||||||||| ||und||
100
_a
Escher, M.C.
245
0
_a
M.C. Escher ,Estampas y Dibujos /
_c
M.C. Escher
260
_b
Taschen
300
_a
76 p.
650
_a
DIBUJO
942
_c
BK
999
_c
11253
_d
11253